[Event "DEM U16w 2021"]
[Site "Willingen GER"]
[Date "2021.08.23"]
[Round "1"]
[White "Margaryan, Susanna"]
[Black "Yue, Qizhou"]
[Result "1/2-1/2"]
[Termination "normal"]
[Board "8"]
[WhiteElo "1494"]
[BlackElo "1798"]
[WhiteClock "00:09:27"]
[BlackClock "00:03:33"]
[PlyCount "127"]
[WhiteFideId "16268210"]
[BlackFideId "16273800"]
[EventCountry "GER"]
[EventRounds "9"]
[EventType "swiss"]
[EventDate "2021.08.22"]

1. d4 {[%clk 1:30:49]} Nf6 {[%clk 1:30:53]} 2. c4 {[%clk 1:31:13]} e6 {[%clk
1:31:15]} 3. Nc3 {[%clk 1:31:26]} Bb4 {[%clk 1:31:33]} 4. Qc2 {[%clk 1:31:17]}
O-O {[%clk 1:30:38]} 5. Bg5 {[%clk 1:30:56]} d6 {[%clk 1:29:34]} 6. e3 {[%clk
1:30:36]} e5 {[%clk 1:20:41]} 7. Bd3 {[%clk 1:28:12]} h6 {[%clk 1:16:26]} 8.
Bh4 {[%clk 1:27:41]} Re8 {[%clk 1:14:09]} 9. O-O-O {[%clk 1:19:44]} Bxc3 {[%clk
1:11:31]} 10. Qxc3 {[%clk 1:17:21]} Qe7 {[%clk 0:58:51]} 11. Ne2 {[%clk
1:14:28]} Nbd7 {[%clk 0:52:22]} 12. f3 {[%clk 1:10:47]} a6 {[%clk 0:43:37]} 13.
g4 {[%clk 1:09:08]} e4 {[%clk 0:37:14]} 14. fxe4 {[%clk 1:05:53]} g5 {[%clk
0:35:29]} 15. Be1 {[%clk 0:54:53]} Nxe4 {[%clk 0:33:01]} 16. Bxe4 {[%clk
0:51:06]} Qxe4 {[%clk 0:33:22]} 17. Bd2 {[%clk 0:50:25]} Qxg4 {[%clk 0:31:48]}
18. Qd3 {[%clk 0:50:23]} Nf6 {[%clk 0:28:45]} 19. h3 {[%clk 0:49:18]} Qe4
{[%clk 0:27:56]} 20. Qb3 {[%clk 0:46:55]} Qc6 {[%clk 0:23:45]} 21. Ng3 {[%clk
0:39:38]} d5 {[%clk 0:22:02]} 22. c5 {[%clk 0:39:42]} Ne4 {[%clk 0:20:20]} 23.
Nxe4 {[%clk 0:39:35]} Rxe4 {[%clk 0:20:39]} 24. Rdf1 {[%clk 0:38:15]} Bd7
{[%clk 0:16:05]} 25. h4 {[%clk 0:35:19]} g4 {[%clk 0:14:19]} 26. Rf4 {[%clk
0:32:23]} Rae8 {[%clk 0:11:21]} 27. Rhf1 {[%clk 0:31:17]} Rxf4 {[%clk 0:10:27]}
28. Rxf4 {[%clk 0:30:44]} h5 {[%clk 0:10:10]} 29. Be1 {[%clk 0:28:31]} b6
{[%clk 0:10:01]} 30. Qc3 {[%clk 0:27:57]} Qe6 {[%clk 0:08:57]} 31. Kd2 {[%clk
0:26:56]} Qg6 {[%clk 0:08:53]} 32. Qd3 {[%clk 0:22:28]} f5 {[%clk 0:06:31]} 33.
Qxa6 {[%clk 0:21:57]} g3 {[%clk 0:06:27]} 34. Qf1 {[%clk 0:19:54]} g2 {[%clk
0:05:31]} 35. Qg1 {[%clk 0:20:00]} Kh7 {[%clk 0:05:13]} 36. Bf2 {[%clk
0:15:22]} Bb5 {[%clk 0:04:43]} 37. Qe1 {[%clk 0:13:18]} Rg8 {[%clk 0:04:17]}
38. Bg1 {[%clk 0:12:23]} bxc5 {[%clk 0:03:34]} 39. dxc5 {[%clk 0:12:40]} Qe6
{[%clk 0:03:26]} 40. a4 {[%clk 0:07:35]} Bf1 {[%clk 0:02:55]} 41. Qb1 {[%clk
0:05:57]} Kg6 {[%clk 0:01:21]} 42. b4 {[%clk 0:05:10]} Kf6 {[%clk 0:28:32]} 43.
b5 {[%clk 0:33:36]} Rb8 {[%clk 0:26:59]} 44. Bh2 {[%clk 0:27:34]} Re8 {[%clk
0:25:04]} 45. Qb2+ {[%clk 0:26:24]} Kf7 {[%clk 0:24:44]} 46. Bg1 {[%clk
0:24:54]} Qf6 {[%clk 0:21:01]} 47. Qxf6+ {[%clk 0:23:55]} Kxf6 {[%clk 0:21:25]}
48. Kc3 {[%clk 0:22:41]} Rg8 {[%clk 0:15:59]} 49. Kd2 {[%clk 0:22:04]} Ke6
{[%clk 0:13:46]} 50. b6 {[%clk 0:16:32]} cxb6 {[%clk 0:13:59]} 51. cxb6 {[%clk
0:16:52]} Ba6 {[%clk 0:12:42]} 52. Rb4 {[%clk 0:15:51]} Rg7 {[%clk 0:12:16]}
53. a5 {[%clk 0:13:36]} Kd6 {[%clk 0:10:44]} 54. Ke1 {[%clk 0:12:14]} Kc6
{[%clk 0:08:40]} 55. Kf2 {[%clk 0:10:59]} Rg4 {[%clk 0:06:38]} 56. Rxg4 {[%clk
0:10:31]} fxg4 {[%clk 0:06:59]} 57. Kxg2 {[%clk 0:10:35]} Kb5 {[%clk 0:07:12]}
58. Kg3 {[%clk 0:10:34]} Kxa5 {[%clk 0:07:30]} 59. Kf4 {[%clk 0:10:40]} Kxb6
{[%clk 0:07:35]} 60. Kg5 {[%clk 0:08:55]} Be2 {[%clk 0:04:02]} 61. e4+ {[%clk
0:08:57]} Kc6 {[%clk 0:04:20]} 62. exd5+ {[%clk 0:09:22]} Kxd5 {[%clk 0:04:38]}
63. Kxh5 {[%clk 0:09:27]} Ke6 {[%clk 0:03:33]} 64. Kg6 1/2-1/2

[Event "DEM U16w 2021"]
[Site "Willingen GER"]
[Date "2021.08.23"]
[Round "1"]
[White "Buchholz, Maja"]
[Black "Krause, Ricarda Sophie"]
[Result "1-0"]
[Termination "normal"]
[Board "9"]
[WhiteElo "1720"]
[BlackElo "1474"]
[WhiteClock "01:07:13"]
[BlackClock "00:02:10"]
[PlyCount "77"]
[WhiteFideId "16200500"]
[BlackFideId "16282930"]
[EventCountry "GER"]
[EventRounds "9"]
[EventType "swiss"]
[EventDate "2021.08.22"]

1. d4 {[%clk 1:30:55]} d5 {[%clk 1:30:50]} 2. Bf4 {[%clk 1:31:20]} Nf6 {[%clk
1:31:01]} 3. e3 {[%clk 1:31:42]} Bf5 {[%clk 1:30:42]} 4. c4 {[%clk 1:32:03]} e6
{[%clk 1:28:39]} 5. Nc3 {[%clk 1:32:16]} c5 {[%clk 1:26:37]} 6. Bxb8 {[%clk
1:31:47]} Qxb8 {[%clk 1:12:31]} 7. Qa4+ {[%clk 1:29:34]} Nd7 {[%clk 1:09:45]}
8. cxd5 {[%clk 1:29:37]} cxd4 {[%clk 1:04:13]} 9. dxe6 {[%clk 1:27:34]} Bxe6
{[%clk 1:00:46]} 10. Qxd4 {[%clk 1:26:59]} Qd6 {[%clk 0:51:06]} 11. Nf3 {[%clk
1:25:37]} Qxd4 {[%clk 0:31:55]} 12. Nxd4 {[%clk 1:25:30]} Bb4 {[%clk 0:31:26]}
13. Nxe6 {[%clk 1:23:21]} Bxc3+ {[%clk 0:31:43]} 14. bxc3 {[%clk 1:23:40]} fxe6
{[%clk 0:31:59]} 15. Bb5 {[%clk 1:22:36]} Rc8 {[%clk 0:29:39]} 16. O-O-O {[%clk
1:18:22]} Rxc3+ {[%clk 0:27:01]} 17. Kb2 {[%clk 1:18:38]} Rc7 {[%clk 0:27:14]}
18. Rxd7 {[%clk 1:18:59]} Rxd7 {[%clk 0:17:38]} 19. Rd1 {[%clk 1:19:18]} Rf8
{[%clk 0:17:59]} 20. Bxd7+ {[%clk 1:19:06]} Ke7 {[%clk 0:18:15]} 21. Ba4 {[%clk
1:17:38]} Rxf2+ {[%clk 0:17:42]} 22. Kb3 {[%clk 1:17:46]} Rxg2 {[%clk 0:16:52]}
23. Rd7+ {[%clk 1:16:19]} Kf6 {[%clk 0:15:21]} 24. Rxb7 {[%clk 1:14:51]} Rxh2
{[%clk 0:14:03]} 25. Rxa7 {[%clk 1:13:55]} Rh3 {[%clk 0:13:06]} 26. Be8 {[%clk
1:13:27]} Rxe3+ {[%clk 0:11:16]} 27. Kc4 {[%clk 1:13:44]} Re4+ {[%clk 0:10:15]}
28. Kc5 {[%clk 1:12:35]} Rg4 {[%clk 0:09:04]} 29. a4 {[%clk 1:12:20]} Rg5+
{[%clk 0:08:48]} 30. Kd4 {[%clk 1:11:45]} h5 {[%clk 0:08:36]} 31. a5 {[%clk
1:10:11]} h4 {[%clk 0:08:01]} 32. Rf7+ {[%clk 1:09:46]} Kg6 {[%clk 0:06:23]}
33. Rf4+ {[%clk 1:10:08]} Kh7 {[%clk 0:05:17]} 34. Rxh4+ {[%clk 1:10:31]} Kg8
{[%clk 0:05:07]} 35. Rh5 {[%clk 1:10:42]} Rg4+ {[%clk 0:04:38]} 36. Ke5 {[%clk
1:09:54]} g6 {[%clk 0:04:02]} 37. Rh6 {[%clk 1:06:44]} Rg5+ {[%clk 0:03:50]}
38. Kf6 {[%clk 1:06:51]} Rxa5 {[%clk 0:02:10]} 39. Bf7+ {[%clk 1:07:13]} 1-0

[Event "DEM U16w 2021"]
[Site "Willingen GER"]
[Date "2021.08.23"]
[Round "1"]
[White "Jacobasch, Ronja"]
[Black "Werner, Rosalie"]
[Result "0-1"]
[Termination "normal"]
[Board "10"]
[WhiteElo "1421"]
[BlackElo "1741"]
[WhiteClock "00:03:25"]
[BlackClock "00:02:09"]
[PlyCount "134"]
[WhiteFideId "34604340"]
[BlackFideId "16223748"]
[EventCountry "GER"]
[EventRounds "9"]
[EventType "swiss"]
[EventDate "2021.08.22"]

1. Nf3 {[%clk 1:30:58]} d5 {[%clk 1:30:53]} 2. g3 {[%clk 1:31:23]} Nd7 {[%clk
1:31:16]} 3. Bg2 {[%clk 1:31:44]} e5 {[%clk 1:31:38]} 4. d3 {[%clk 1:32:08]}
Ngf6 {[%clk 1:31:57]} 5. O-O {[%clk 1:32:11]} c6 {[%clk 1:32:17]} 6. Nbd2
{[%clk 1:31:07]} Bd6 {[%clk 1:32:06]} 7. e4 {[%clk 1:26:58]} O-O {[%clk
1:30:56]} 8. Re1 {[%clk 1:20:23]} Re8 {[%clk 1:28:16]} 9. Nf1 {[%clk 1:15:59]}
Qc7 {[%clk 1:17:10]} 10. c3 {[%clk 0:57:58]} a5 {[%clk 1:04:30]} 11. exd5
{[%clk 0:50:14]} cxd5 {[%clk 0:58:33]} 12. d4 {[%clk 0:40:52]} e4 {[%clk
0:54:05]} 13. N3d2 {[%clk 0:40:29]} b5 {[%clk 0:42:20]} 14. Ne3 {[%clk
0:33:55]} Nb6 {[%clk 0:38:00]} 15. f3 {[%clk 0:30:53]} exf3 {[%clk 0:17:15]}
16. Bxf3 {[%clk 0:28:23]} Bxg3 {[%clk 0:13:08]} 17. hxg3 {[%clk 0:11:52]} Qxg3+
{[%clk 0:13:23]} 18. Ng2 {[%clk 0:12:01]} Bg4 {[%clk 0:13:20]} 19. Re5 {[%clk
0:07:41]} Nc4 {[%clk 0:07:46]} 20. Qe1 {[%clk 0:02:48]} Qh3 {[%clk 0:02:22]}
21. Bxg4 {[%clk 0:01:41]} Qxg4 {[%clk 0:02:22]} 22. Nxc4 {[%clk 0:01:52]} bxc4
{[%clk 0:02:20]} 23. Bg5 {[%clk 0:01:35]} Ne4 {[%clk 0:02:23]} 24. Rxe8+ {[%clk
0:01:58]} Rxe8 {[%clk 0:02:44]} 25. Be3 {[%clk 0:01:27]} Ng5 {[%clk 0:02:26]}
26. Qc1 {[%clk 0:00:54]} Nf3+ {[%clk 0:01:59]} 27. Kf2 {[%clk 0:01:15]} Ng5
{[%clk 0:01:51]} 28. Qc2 {[%clk 0:00:41]} Qf3+ {[%clk 0:01:44]} 29. Kg1 {[%clk
0:00:48]} Rxe3 {[%clk 0:01:38]} 30. Nxe3 {[%clk 0:00:36]} Qxe3+ {[%clk
0:02:03]} 31. Kf1 {[%clk 0:00:50]} Nh3 {[%clk 0:01:07]} 32. Qg2 {[%clk
0:00:45]} Nf4 {[%clk 0:01:08]} 33. Qf2 {[%clk 0:00:52]} Qh3+ {[%clk 0:01:24]}
34. Kg1 {[%clk 0:01:13]} Qg4+ {[%clk 0:01:23]} 35. Kf1 {[%clk 0:01:33]} Nd3
{[%clk 0:01:11]} 36. Qe3 {[%clk 0:01:24]} Qf5+ {[%clk 0:01:09]} 37. Ke2 {[%clk
0:00:58]} Qg4+ {[%clk 0:00:55]} 38. Kd2 {[%clk 0:01:04]} Qg2+ {[%clk 0:01:02]}
39. Qe2 {[%clk 0:01:15]} Qg5+ {[%clk 0:00:47]} 40. Qe3 {[%clk 0:01:32]} Qg2+
{[%clk 0:00:42]} 41. Qe2 {[%clk 0:01:48]} Qxe2+ {[%clk 0:25:50]} 42. Kxe2
{[%clk 0:32:17]} g5 {[%clk 0:25:51]} 43. b3 {[%clk 0:28:51]} h5 {[%clk
0:22:18]} 44. bxc4 {[%clk 0:26:15]} dxc4 {[%clk 0:22:29]} 45. Rf1 {[%clk
0:22:59]} Nf4+ {[%clk 0:13:25]} 46. Kf3 {[%clk 0:21:13]} f5 {[%clk 0:11:12]}
47. Rb1 {[%clk 0:17:32]} Nd5 {[%clk 0:10:03]} 48. Rb5 {[%clk 0:13:16]} g4+
{[%clk 0:06:16]} 49. Kg3 {[%clk 0:11:19]} f4+ {[%clk 0:04:49]} 50. Kh4 {[%clk
0:09:34]} Nxc3 {[%clk 0:03:41]} 51. Rxh5 {[%clk 0:08:53]} Ne2 {[%clk 0:02:07]}
52. Kxg4 {[%clk 0:04:58]} c3 {[%clk 0:01:35]} 53. Rc5 {[%clk 0:04:40]} Kf7
{[%clk 0:00:51]} 54. Kf3 {[%clk 0:03:07]} Nxd4+ {[%clk 0:00:55]} 55. Ke4 {[%clk
0:02:30]} Ne2 {[%clk 0:01:11]} 56. Kd3 {[%clk 0:02:15]} Ng3 {[%clk 0:00:52]}
57. Rxc3 {[%clk 0:01:04]} f3 {[%clk 0:01:07]} 58. Ke3 {[%clk 0:01:08]} f2
{[%clk 0:01:17]} 59. Rc7+ {[%clk 0:01:20]} Ke6 {[%clk 0:01:30]} 60. Kxf2 {[%clk
0:01:43]} Nf5 {[%clk 0:01:32]} 61. Ra7 {[%clk 0:02:01]} Nd4 {[%clk 0:01:24]}
62. Rxa5 {[%clk 0:02:20]} Nc6 {[%clk 0:01:32]} 63. Ra8 {[%clk 0:02:21]} Kd6
{[%clk 0:01:48]} 64. Ke3 {[%clk 0:02:37]} Kc7 {[%clk 0:01:47]} 65. Kd3 {[%clk
0:02:54]} Kb7 66. Ra4 {[%clk 0:03:09]} Kb6 {[%clk 0:02:12]} 67. Kc3 {[%clk
0:03:25]} Na5 {[%clk 0:02:09]} *

[Event "DEM U16w 2021"]
[Site "Willingen GER"]
[Date "2021.08.23"]
[Round "2"]
[White "Dietz, Kristin"]
[Black "Cordes, Jule"]
[Result "1-0"]
[Termination "normal"]
[Board "1"]
[WhiteElo "1933"]
[BlackElo "1790"]
[WhiteClock "01:15:53"]
[BlackClock "00:27:27"]
[PlyCount "83"]
[WhiteFideId "12993743"]
[BlackFideId "1060708"]
[EventCountry "GER"]
[EventRounds "9"]
[EventType "swiss"]
[EventDate "2021.08.22"]

1. e4 {[%clk 1:30:58]} c5 {[%clk 1:30:52]} 2. Nf3 {[%clk 1:31:22]} g6 {[%clk
1:31:11]} 3. d4 {[%clk 1:31:48]} cxd4 {[%clk 1:31:29]} 4. Nxd4 {[%clk 1:32:14]}
Bg7 {[%clk 1:31:31]} 5. c4 {[%clk 1:32:36]} Nc6 {[%clk 1:31:50]} 6. Nc2 {[%clk
1:32:56]} d6 {[%clk 1:31:57]} 7. Be2 {[%clk 1:32:48]} Nf6 {[%clk 1:31:43]} 8.
Nc3 {[%clk 1:33:09]} O-O {[%clk 1:31:02]} 9. O-O {[%clk 1:33:24]} Be6 {[%clk
1:29:27]} 10. Be3 {[%clk 1:31:52]} Nd7 {[%clk 1:25:32]} 11. Qd2 {[%clk
1:32:02]} Nce5 {[%clk 1:24:21]} 12. b3 {[%clk 1:31:27]} Qa5 {[%clk 1:20:20]}
13. Nd5 {[%clk 1:16:44]} Qxd2 {[%clk 1:07:25]} 14. Nxe7+ {[%clk 1:00:48]} Kh8
{[%clk 1:07:43]} 15. Bxd2 {[%clk 1:01:15]} Nc6 {[%clk 1:02:48]} 16. Nd5 {[%clk
0:58:41]} Bxa1 {[%clk 0:55:25]} 17. Rxa1 {[%clk 0:59:02]} h5 {[%clk 0:46:44]}
18. Nc7 {[%clk 0:55:00]} Rad8 {[%clk 0:45:25]} 19. Bc3+ {[%clk 0:54:45]} Kh7
{[%clk 0:44:36]} 20. Rd1 {[%clk 0:52:12]} Nc5 {[%clk 0:40:40]} 21. f3 {[%clk
0:52:17]} a6 {[%clk 0:35:21]} 22. Ne3 {[%clk 0:51:16]} Rd7 {[%clk 0:20:33]} 23.
Ncd5 {[%clk 0:51:18]} Bxd5 {[%clk 0:12:27]} 24. Nxd5 {[%clk 0:51:39]} Rdd8
{[%clk 0:11:08]} 25. Bf6 {[%clk 0:51:03]} Rde8 {[%clk 0:09:43]} 26. Nf4 {[%clk
0:48:24]} Ne6 {[%clk 0:06:18]} 27. Nh3 {[%clk 0:48:29]} Kh6 {[%clk 0:05:05]}
28. Rxd6 {[%clk 0:48:09]} g5 {[%clk 0:04:48]} 29. Bxg5+ {[%clk 0:48:00]} Kg7
{[%clk 0:04:45]} 30. Be3 {[%clk 0:47:34]} Rd8 {[%clk 0:04:49]} 31. Rd5 {[%clk
0:46:52]} Nb4 {[%clk 0:02:21]} 32. Rxh5 {[%clk 0:46:44]} Rh8 {[%clk 0:02:38]}
33. f4 {[%clk 0:45:04]} Rxh5 {[%clk 0:01:56]} 34. Bxh5 {[%clk 0:45:26]} Nxa2
{[%clk 0:02:12]} 35. f5 {[%clk 0:45:01]} Nd4 {[%clk 0:00:53]} 36. Ng5 {[%clk
0:45:03]} Nxb3 {[%clk 0:00:36]} 37. Bxf7 {[%clk 0:44:57]} Rd1+ {[%clk 0:00:39]}
38. Kf2 {[%clk 0:45:24]} Nb4 {[%clk 0:00:36]} 39. Bd5 {[%clk 0:45:10]} Na5
{[%clk 0:00:34]} 40. Ne6+ {[%clk 0:45:13]} Kf6 {[%clk 0:00:37]} 41. Bd4+ {[%clk
0:45:28]} Rxd4 {[%clk 0:27:27]} 42. Nxd4 {[%clk 1:15:53]} 1-0

[Event "DEM U16w 2021"]
[Site "Willingen GER"]
[Date "2021.08.23"]
[Round "2"]
[White "Buchholz, Maja"]
[Black "Heutling, Elina"]
[Result "0-1"]
[Termination "normal"]
[Board "2"]
[WhiteElo "1720"]
[BlackElo "1919"]
[WhiteClock "00:29:52"]
[BlackClock "00:32:01"]
[PlyCount "96"]
[WhiteFideId "16200500"]
[BlackFideId "16244729"]
[EventCountry "GER"]
[EventRounds "9"]
[EventType "swiss"]
[EventDate "2021.08.22"]

1. e4 {[%clk 1:30:59]} d5 {[%clk 1:30:56]} 2. exd5 {[%clk 1:30:53]} Qxd5 {[%clk
1:31:19]} 3. Nc3 {[%clk 1:30:53]} Qa5 {[%clk 1:31:37]} 4. d4 {[%clk 1:30:37]}
Nf6 {[%clk 1:30:29]} 5. Nf3 {[%clk 1:28:24]} c6 {[%clk 1:27:39]} 6. Bc4 {[%clk
1:26:10]} Bf5 {[%clk 1:21:10]} 7. O-O {[%clk 1:24:46]} e6 {[%clk 1:20:09]} 8.
Bf4 {[%clk 1:22:36]} Nbd7 {[%clk 1:16:56]} 9. a3 {[%clk 1:18:40]} Be7 {[%clk
1:15:26]} 10. Ne2 {[%clk 1:06:38]} Be4 {[%clk 0:59:57]} 11. Nd2 {[%clk
0:53:38]} Bg6 {[%clk 0:53:10]} 12. Ng3 {[%clk 0:45:25]} O-O {[%clk 0:45:52]}
13. b4 {[%clk 0:44:05]} Qd8 {[%clk 0:45:47]} 14. Nf3 {[%clk 0:42:58]} a5 {[%clk
0:40:48]} 15. b5 {[%clk 0:36:08]} Nb6 {[%clk 0:36:12]} 16. Be2 {[%clk 0:33:47]}
cxb5 {[%clk 0:32:12]} 17. Bxb5 {[%clk 0:33:57]} Nfd5 {[%clk 0:30:15]} 18. Bd2
{[%clk 0:33:12]} Rc8 {[%clk 0:29:34]} 19. Bxa5 {[%clk 0:30:59]} Nc3 {[%clk
0:27:21]} 20. Bxc3 {[%clk 0:29:52]} Rxc3 {[%clk 0:27:44]} 21. Ne5 {[%clk
0:26:35]} Nd5 {[%clk 0:14:30]} 22. Nxg6 {[%clk 0:25:33]} hxg6 {[%clk 0:14:56]}
23. a4 {[%clk 0:23:39]} Qc7 {[%clk 0:13:44]} 24. Bd3 {[%clk 0:22:37]} Rc8
{[%clk 0:09:39]} 25. Ne2 {[%clk 0:20:50]} Rc6 {[%clk 0:07:41]} 26. c4 {[%clk
0:16:51]} Nb4 {[%clk 0:05:40]} 27. c5 {[%clk 0:16:33]} Nxd3 {[%clk 0:05:50]}
28. Qxd3 {[%clk 0:16:57]} e5 {[%clk 0:03:14]} 29. Nc3 {[%clk 0:10:52]} Rd8
{[%clk 0:02:22]} 30. d5 {[%clk 0:05:13]} Rxc5 {[%clk 0:02:10]} 31. Nb5 {[%clk
0:04:15]} Qb8 {[%clk 0:01:49]} 32. Nc3 {[%clk 0:03:52]} Qc8 {[%clk 0:01:45]}
33. Rac1 {[%clk 0:03:39]} Bg5 {[%clk 0:01:48]} 34. Rc2 {[%clk 0:02:47]} e4
{[%clk 0:01:35]} 35. Qg3 {[%clk 0:01:18]} Qf5 {[%clk 0:01:26]} 36. h4 {[%clk
0:00:53]} Bf4 {[%clk 0:01:29]} 37. Qh3 {[%clk 0:01:10]} Qxh3 {[%clk 0:01:54]}
38. gxh3 {[%clk 0:01:37]} Be5 {[%clk 0:01:41]} 39. Rfc1 {[%clk 0:01:34]} Rdc8
{[%clk 0:02:00]} 40. d6 {[%clk 0:01:11]} Bxd6 {[%clk 0:01:36]} 41. Nxe4 {[%clk
0:29:34]} Rxc2 {[%clk 0:31:47]} 42. Rxc2 {[%clk 0:29:58]} Rxc2 {[%clk 0:32:11]}
43. Nxd6 {[%clk 0:30:23]} Rb2 {[%clk 0:31:43]} 44. a5 {[%clk 0:30:23]} Kf8
{[%clk 0:31:37]} 45. Nc4 {[%clk 0:29:34]} Rb4 {[%clk 0:31:32]} 46. Nd6 {[%clk
0:29:29]} Ke7 {[%clk 0:31:35]} 47. Nc8+ {[%clk 0:29:48]} Kd7 {[%clk 0:31:43]}
48. Nb6+ {[%clk 0:29:52]} Kc6 {[%clk 0:32:01]} 0-1

[Event "DEM U16w 2021"]
[Site "Willingen GER"]
[Date "2021.08.23"]
[Round "2"]
[White "Werner, Rosalie"]
[Black "Wagner, Margarethe"]
[Result "1/2-1/2"]
[Termination "normal"]
[Board "3"]
[WhiteElo "1741"]
[BlackElo "1832"]
[WhiteClock "00:21:20"]
[BlackClock "00:11:42"]
[PlyCount "93"]
[WhiteFideId "16223748"]
[BlackFideId "16236947"]
[EventCountry "GER"]
[EventRounds "9"]
[EventType "swiss"]
[EventDate "2021.08.22"]

1. e4 {[%clk 1:30:57]} c5 {[%clk 1:30:54]} 2. Nc3 {[%clk 1:31:17]} a6 {[%clk
1:30:52]} 3. g3 {[%clk 1:31:21]} g6 {[%clk 1:27:57]} 4. Bg2 {[%clk 1:31:10]}
Bg7 {[%clk 1:28:13]} 5. Nge2 {[%clk 1:29:38]} e5 {[%clk 1:24:17]} 6. d3 {[%clk
1:27:25]} Ne7 {[%clk 1:22:04]} 7. O-O {[%clk 1:26:39]} Nbc6 {[%clk 1:15:34]} 8.
f4 {[%clk 1:24:23]} exf4 {[%clk 1:06:37]} 9. gxf4 {[%clk 1:21:40]} d6 {[%clk
0:58:11]} 10. Qe1 {[%clk 1:09:25]} O-O {[%clk 0:47:27]} 11. Kh1 {[%clk
0:58:11]} f5 {[%clk 0:44:01]} 12. Be3 {[%clk 0:43:18]} Rb8 {[%clk 0:35:15]} 13.
Bf2 {[%clk 0:23:43]} Kh8 {[%clk 0:30:32]} 14. Bh4 {[%clk 0:21:39]} Qc7 {[%clk
0:27:50]} 15. Bg5 {[%clk 0:14:22]} b5 {[%clk 0:25:12]} 16. Qh4 {[%clk 0:12:12]}
Bb7 {[%clk 0:17:26]} 17. Rf3 {[%clk 0:09:53]} b4 {[%clk 0:08:18]} 18. Rh3
{[%clk 0:06:42]} h5 {[%clk 0:08:23]} 19. Ng3 {[%clk 0:03:10]} bxc3 {[%clk
0:03:55]} 20. Nxh5 {[%clk 0:02:48]} gxh5 {[%clk 0:02:09]} 21. Qxh5+ {[%clk
0:01:41]} Kg8 {[%clk 0:02:32]} 22. Qh7+ {[%clk 0:00:52]} Kf7 {[%clk 0:02:47]}
23. Bh6 {[%clk 0:01:10]} Ke6 {[%clk 0:01:28]} 24. Bxg7 {[%clk 0:00:55]} cxb2
{[%clk 0:00:55]} 25. Bxb2 {[%clk 0:01:01]} Nd4 {[%clk 0:00:43]} 26. Bxd4 {[%clk
0:00:44]} cxd4 {[%clk 0:01:02]} 27. Re1 {[%clk 0:00:41]} fxe4 {[%clk 0:00:36]}
28. Rh6+ {[%clk 0:00:48]} Kd7 {[%clk 0:00:43]} 29. Bxe4 {[%clk 0:00:44]} Bxe4+
{[%clk 0:00:54]} 30. Rxe4 {[%clk 0:01:00]} Kd8 {[%clk 0:00:42]} 31. Rhe6 {[%clk
0:00:58]} Rb1+ {[%clk 0:00:49]} 32. Kg2 {[%clk 0:00:55]} Re8 {[%clk 0:00:35]}
33. Re2 {[%clk 0:00:51]} Rc1 {[%clk 0:00:42]} 34. Qf7 {[%clk 0:00:33]} Qb7+
{[%clk 0:00:36]} 35. Kf2 {[%clk 0:00:32]} Qd7 36. Qf6 {[%clk 0:00:39]} Rh1
{[%clk 0:00:50]} 37. Rxd6 {[%clk 0:00:51]} Rxh2+ {[%clk 0:01:08]} 38. Ke1
{[%clk 0:01:12]} Rxe2+ {[%clk 0:01:21]} 39. Kxe2 {[%clk 0:01:34]} Kc8 {[%clk
0:01:32]} 40. Rxd7 {[%clk 0:00:58]} Nd5+ {[%clk 0:01:40]} 41. Re7 {[%clk
0:30:30]} Rxe7+ {[%clk 0:30:52]} 42. Qxe7 {[%clk 0:30:46]} Nxe7 {[%clk
0:31:18]} 43. Kf3 {[%clk 0:30:56]} Kc7 {[%clk 0:24:45]} 44. Ke4 {[%clk
0:30:56]} Nc6 {[%clk 0:23:58]} 45. Kd5 {[%clk 0:28:14]} Nb4+ {[%clk 0:14:52]}
46. Kxd4 {[%clk 0:27:19]} Nxc2+ {[%clk 0:11:42]} 47. Kc3 {[%clk 0:21:20]}
1/2-1/2

[Event "DEM U16w 2021"]
[Site "Willingen GER"]
[Date "2021.08.23"]
[Round "2"]
[White "Reuter, Elisa"]
[Black "Albayrak, Nese Pinar"]
[Result "1-0"]
[Termination "normal"]
[Board "4"]
[WhiteTitle "WCM"]
[WhiteElo "1845"]
[BlackElo "1546"]
[WhiteClock "00:32:11"]
[BlackClock "00:01:40"]
[PlyCount "117"]
[WhiteFideId "12995444"]
[BlackFideId "16255259"]
[EventCountry "GER"]
[EventRounds "9"]
[EventType "swiss"]
[EventDate "2021.08.22"]

1. e4 {[%clk 1:30:59]} e5 {[%clk 1:30:56]} 2. Nf3 {[%clk 1:31:25]} Nc6 {[%clk
1:31:23]} 3. Bc4 {[%clk 1:31:51]} Nf6 {[%clk 1:31:46]} 4. d3 {[%clk 1:32:18]}
Bc5 {[%clk 1:31:52]} 5. c3 {[%clk 1:32:44]} d6 {[%clk 1:32:05]} 6. Nbd2 {[%clk
1:33:02]} a6 {[%clk 1:32:11]} 7. Bb3 {[%clk 1:33:18]} Ba7 {[%clk 1:31:43]} 8.
Nf1 {[%clk 1:33:34]} h6 {[%clk 1:31:26]} 9. Ng3 {[%clk 1:33:57]} O-O {[%clk
1:30:48]} 10. O-O {[%clk 1:34:21]} Ne7 {[%clk 1:30:29]} 11. h3 {[%clk 1:28:21]}
Ng6 {[%clk 1:28:58]} 12. d4 {[%clk 1:26:46]} Qe7 {[%clk 1:24:47]} 13. Re1
{[%clk 1:21:59]} exd4 {[%clk 1:13:51]} 14. cxd4 {[%clk 1:16:05]} Be6 {[%clk
1:08:45]} 15. Bc2 {[%clk 1:11:19]} d5 {[%clk 0:58:25]} 16. e5 {[%clk 0:54:39]}
Ne8 {[%clk 0:51:44]} 17. Qd3 {[%clk 0:51:32]} Qd7 {[%clk 0:46:19]} 18. Nh4
{[%clk 0:48:12]} c6 {[%clk 0:31:59]} 19. Be3 {[%clk 0:41:25]} Nc7 {[%clk
0:25:07]} 20. Nxg6 {[%clk 0:41:33]} fxg6 {[%clk 0:25:35]} 21. Qxg6 {[%clk
0:41:44]} Rf7 {[%clk 0:23:08]} 22. Qh7+ {[%clk 0:37:06]} Kf8 {[%clk 0:23:34]}
23. Bg6 {[%clk 0:37:14]} Re7 {[%clk 0:23:06]} 24. Qh8+ {[%clk 0:33:36]} Bg8
{[%clk 0:23:32]} 25. Bh7 {[%clk 0:28:19]} Qe6 {[%clk 0:14:26]} 26. Bxg8 {[%clk
0:27:08]} Qxg8 {[%clk 0:14:51]} 27. Qxg8+ {[%clk 0:27:33]} Kxg8 {[%clk
0:15:13]} 28. f4 {[%clk 0:25:34]} Ne6 {[%clk 0:14:43]} 29. Rad1 {[%clk
0:24:35]} Kh7 {[%clk 0:09:42]} 30. f5 {[%clk 0:23:35]} Ng5 {[%clk 0:07:51]} 31.
h4 {[%clk 0:19:59]} Nf7 {[%clk 0:05:37]} 32. Bf2 {[%clk 0:14:10]} Rae8 {[%clk
0:04:25]} 33. Nh5 {[%clk 0:14:02]} Rf8 {[%clk 0:01:47]} 34. f6 {[%clk 0:11:55]}
gxf6 {[%clk 0:02:00]} 35. Nxf6+ {[%clk 0:09:35]} Kg7 {[%clk 0:00:40]} 36. Rd3
{[%clk 0:08:17]} Nd8 {[%clk 0:00:35]} 37. Rg3+ {[%clk 0:07:04]} Kf7 {[%clk
0:00:42]} 38. Ng4 {[%clk 0:07:08]} Kg7 {[%clk 0:00:34]} 39. Be3 {[%clk
0:06:21]} Kh7 {[%clk 0:00:36]} 40. Nf6+ {[%clk 0:05:21]} Kh8 {[%clk 0:23:37]}
41. Rg6 {[%clk 0:32:49]} Nf7 {[%clk 0:11:46]} 42. Kh2 {[%clk 0:30:33]} Bb8
{[%clk 0:08:49]} 43. Bxh6 Nxe5 44. dxe5 {[%clk 0:30:50]} Rxf6 {[%clk 0:07:18]}
45. Rxf6 {[%clk 0:31:08]} Bxe5+ {[%clk 0:05:28]} 46. Rxe5 {[%clk 0:31:15]} Rxe5
{[%clk 0:05:57]} 47. Rf7 {[%clk 0:31:36]} Re6 {[%clk 0:03:50]} 48. Bg5 {[%clk
0:31:42]} b5 {[%clk 0:03:52]} 49. Rf6 {[%clk 0:32:01]} Re2 {[%clk 0:03:53]} 50.
Rxc6 {[%clk 0:32:24]} Kh7 {[%clk 0:03:46]} 51. Bf6 {[%clk 0:31:32]} Rd2 {[%clk
0:03:27]} 52. Rd6 {[%clk 0:30:22]} a5 {[%clk 0:03:46]} 53. Bc3 {[%clk 0:30:26]}
Re2 {[%clk 0:03:54]} 54. Rxd5 {[%clk 0:30:41]} b4 {[%clk 0:03:59]} 55. Bf6
{[%clk 0:30:52]} Kg6 {[%clk 0:03:57]} 56. Bg5 {[%clk 0:31:04]} a4 {[%clk
0:03:05]} 57. Rd2 {[%clk 0:31:23]} Rxd2 {[%clk 0:01:14]} 58. Bxd2 {[%clk
0:31:45]} b3 {[%clk 0:01:40]} 59. axb3 {[%clk 0:32:11]} 1-0